000 00715cab a2200253 4500
001 ABS49205
008 090401t1993 xxu||||| |||| 00| 0 eng d
035 _a(Sirsi) u70337
041 _aeng
100 _aRusz, M.
245 _aInvesting in Hungary
260 _c1993
350 _a0
490 _aSolicitors` Journal
_v137(31) 13 August 1993, 794-795(2)
520 _aOutlines the basic company structure in Hungary and offers a guide to foreign investment there.
650 _aCOMPANY LAW
650 _aEATERN EUROPE
650 _aFOREIGN INVESTMENT
650 _aJOINT STOCK COMPANY
650 _aLIMITED LIABILITY COMPANIES
690 _aOVERSEAS-EUROPE
942 _n0
948 _c04/03/1997
999 _c44225
_d44225